Knowledge Masters Animals: (Record no. 160018)
[ view plain ]
| 000 -LEADER | |
|---|---|
| fixed length control field | 00447nam a22001577a 4500 |
| 005 - DATE AND TIME OF LATEST TRANSACTION | |
| control field | 20190112171007.0 |
| 010 ## - LCCN (DPL NO) | |
| LC control number | B-262189 |
| 020 ## - INTERNATIONAL STANDARD BOOK NUMBER | |
| International Standard Book Number | 9781842398777 |
| 035 ## - SYSTEM CONTROL NUMBER | |
| System control number | B-262189 |
| 082 ## - DEWEY DECIMAL CLASSIFICATION NUMBER | |
| Classification number | 591 |
| 100 ## - MAIN ENTRY--PERSONAL NAME | |
| Personal name | Cooper, John |
| 245 ## - TITLE STATEMENT | |
| Title | Knowledge Masters Animals: |
| Statement of responsibility, etc | by John Cooper |
| 260 ## - PUBLICATION, DISTRIBUTION, ETC. (IMPRINT) | |
| Place of publication, distribution, etc | New Delhi |
| Name of publisher, distributor, etc | Alligator Books Limited Gadd House, Arcadia Avenue |
| Date of publication, distribution, etc | 2007 |
| 300 ## - PHYSICAL DESCRIPTION | |
| Extent | 96p. |
| Dimensions | 24cm. (pbk) |
| 942 ## - ADDED ENTRY ELEMENTS (KOHA) | |
| Source of classification or shelving scheme | Dewey Decimal Classification |
| Item type | English Books |
| Classification part | 591 |
| Call number suffix | BIG |
No items available.
